| 000 | 00796nam a22002417a 4500 | ||
|---|---|---|---|
| 999 |
_c14602 _d14602 |
||
| 003 | MIRAKIL | ||
| 005 | 20211108140150.0 | ||
| 008 | 211108b tu ||||| |||| 00| 0 tur d | ||
| 040 |
_aTR-AnCHP _btur _cTR-AnCHP |
||
| 082 |
_a956.1023 _bA64s 1997 |
||
| 100 | _aArıburnu, Kemal | ||
| 245 |
_aSivas kongresi: _cKemal Arıburnu _bSamsun'dan Ankara'ya kadar olaylar ve anılarla/ |
||
| 246 | _aSamsun'dan Ankara'ya kadar olaylar ve anılarla | ||
| 250 | _a2. bs. | ||
| 260 |
_aAnkara: _bAtatürk Araştırma Merkezi, _c1997. |
||
| 300 |
_a314 s.: _c24 sm. _bfotg.; |
||
| 490 |
_aAtatürk dizisi _v31 |
||
| 504 | _aKaynakça vardır. | ||
| 600 | _aAtatürk, Mustafa Kemal | ||
| 650 | 0 |
_xTarih _yKurtuluş savaşı |
|
| 856 | _zSamsun'dan Ankara'ya kadar olaylar ve anılarla | ||
| 942 |
_2ddc _cBKS |
||